Welcome to CU Library Online Public Access Catalogue (OPAC)

The hidden agenda / (Record no. 2781)

MARC details
000 -LEADER
fixed length control field 00696cam a2200241 a 4500
001 - CONTROL NUMBER
control field 599293
005 - DATE AND TIME OF LATEST TRANSACTION
control field 20250122115113.0
008 - FIXED-LENGTH DATA ELEMENTS--GENERAL INFORMATION
fixed length control field 910924s1991 tnu b 000 0 eng
020 ## - INTERNATIONAL STANDARD BOOK NUMBER
International Standard Book Number 9780840774910
050 00 - LIBRARY OF CONGRESS CALL NUMBER
Classification number R733
Item number .S64 1991
082 00 - DEWEY DECIMAL CLASSIFICATION NUMBER
Classification number 615.8/56
Edition information 20
100 1# - MAIN ENTRY--PERSONAL NAME
Personal name Sneed, David,
Dates associated with a name 1953-
245 14 - TITLE STATEMENT
Title The hidden agenda /
Statement of responsibility, etc. David Sneed and Sharon Sneed.
260 ## - PUBLICATION, DISTRIBUTION, ETC.
Place of publication, distribution, etc. Nashville :
Name of publisher, distributor, etc. Thomas Nelson Publishers,
Date of publication, distribution, etc. c1991.
300 ## - PHYSICAL DESCRIPTION
Extent 246 p. ;
Dimensions 23 cm.
500 ## - GENERAL NOTE
General note "A Janet Thoma book."
650 #0 - SUBJECT ADDED ENTRY--TOPICAL TERM
Topical term or geographic name entry element Alternative medicine.
650 #0 - SUBJECT ADDED ENTRY--TOPICAL TERM
Topical term or geographic name entry element New Age movement.
650 #0 - SUBJECT ADDED ENTRY--TOPICAL TERM
Topical term or geographic name entry element Quacks and quackery.
650 #0 - SUBJECT ADDED ENTRY--TOPICAL TERM
Topical term or geographic name entry element Medical misconceptions.
700 1# - ADDED ENTRY--PERSONAL NAME
Personal name Sneed, Sharon
Dates associated with a name 1953-
942 ## - ADDED ENTRY ELEMENTS (KOHA)
Source of classification or shelving scheme Library of Congress Classification
Koha item type Books
Suppress in OPAC No
999 ## -
-- 2781
-- 2781
Holdings
Withdrawn status Lost status Source of classification or shelving scheme Damaged status Not for loan Collection Home library Current library Shelving location Date acquired Total checkouts Full call number Barcode Date last seen Copy number Price effective from Koha item type
    Library of Congress Classification     Non-fiction Science Library (Miotso) Science Library (Miotso) General stacks 01/22/2025   R733 .S64 SNE SLM00002132 01/22/2025 1 01/22/2025 Books
© 2023-2024 Copyright: Central University Libraries. All Rights Reserved | Created by: Mahone Tech Office